Ładuje się......

Efficacy of extracts of some local plants with special emphasis on clerodendrum infortunatum in the control of the stored grain pest callosobruchus chinensis linnaeus bruchidae coleoptera

Opis bibliograficzny
1. autor: Valsala Kizhakke Karmmal
Format: Electronic Thesis
Język:English
Hasła przedmiotowe:
Dostęp online:http://hdl.handle.net/10603/40396
LEADER 00822nam a2200217Ia 4500
001 39759
008 190202t ii ||||fom||| 00| 0 eng d
100 |a Valsala Kizhakke Karmmal 
245 |a Efficacy of extracts of some local plants with special emphasis on clerodendrum infortunatum in the control of the stored grain pest callosobruchus chinensis linnaeus bruchidae coleoptera 
300 |a x,235p. 
502 |a Thesis (Ph. D.) -- Department of Zoology, University of Calicut, 
504 |a Includes bibliographical references (p.197-235) and abstract. 
546 |a English 
653 |a clerodendrum infortunatum 
653 |a clerodendrum infortunatum||Zoology 
653 |a Zoology 
653 |a Zoology 
796 |a Gokuldas, M 
856 |u http://hdl.handle.net/10603/40396 
952 |a ON  |c ETD  |y ETD 
999 |c etd39759